V tajných službách Marie Antoinetty. Případ hraběnky Du Barry /
S francouzskou lehkostí a humorem napsaná historická detektivka z doby vlády Marie Antoinetty, v níž se detektivy stávají královnin kadeřník a krejčová.
Uloženo v:
| Série: | V tajných službách Marie Antoinetty,
část 1 |
|---|---|
| Hlavní autor: | |
| Další autoři: | |
| Médium: | E-kniha |
| Jazyk: | Czech |
| Vydáno: |
V Praze :
Garamond,
2024
|
| Vydání: | Vydání první |
| Témata: | |
| Příbuzné jednotky: | Z cyklu::
V tajných službách Marie Antoinetty |
| Tagy: |
Žádné tagy |
| LEADER | 02954nam a2200505 i 4500 | ||
|---|---|---|---|
| 001 | 312615 | ||
| 003 | CZ PrSKC | ||
| 005 | 20260601215725.0 | ||
| 007 | ta | ||
| 008 | 250124s2024 xr g 000 f cze | ||
| 015 | |a cnb003667626 | ||
| 020 | |a 9788074076756 |q (brožováno) : |c Kč 299,00 | ||
| 035 | |a (OCoLC)1505965555 | ||
| 040 | |a ABG001 |b cze |d ABA001 |e rda | ||
| 041 | 1 | |a cze |h fre | |
| 072 | 7 | |a 821.133.1-3 |x Francouzská próza, francouzsky psaná |2 Konspekt | |
| 080 | |a 821.133.1-31 |2 MRF | ||
| 080 | |a (0:82-312.4) |2 MRF | ||
| 080 | |a (0:82-311.6) |2 MRF | ||
| 100 | 1 | |a Lenormand, Frédéric, |d 1964- |7 mzk2006343198 |4 aut | |
| 240 | 1 | 0 | |a Enquête du Barry. |l Česky |
| 245 | 1 | 0 | |a V tajných službách Marie Antoinetty. |p Případ hraběnky Du Barry / |c Frédéric Lenormand ; z francouzského originálu Au service secret de Marie-Antoinette - L'enquête du Barry ... přeložila Marta Darom |
| 246 | 3 | 0 | |a Případ hraběnky Du Barry |
| 250 | |a Vydání první | ||
| 264 | 1 | |a V Praze : |b Garamond, |c 2024 | |
| 300 | |a 236 stran ; |c 20 cm | ||
| 336 | |a text |b txt |2 rdacontent | ||
| 337 | |a bez média |b n |2 rdamedia | ||
| 338 | |a svazek |b nc |2 rdacarrier | ||
| 520 | 2 | |a S francouzskou lehkostí a humorem napsaná historická detektivka z doby vlády Marie Antoinetty, v níž se detektivy stávají královnin kadeřník a krejčová. |b Ve Versailles někdo ukradl šperky hraběnky du Barry a od té doby události nabírají vražedný spád... Marie Antoinetta, která právě usedla na trůn, se na svém královském křesle trochu nudí, a proto se rozhodne uplatnit svůj vyšetřovací talent. Pověří dva amatérské detektivy: Rose Bertinovou, svou krejčovou, a extravagantního kadeřníka Léonarda Autiera, aby záhadu vyšetřili. Poradí si toto zcela odlišné duo s případem, který se hemží mrtvolami původců loupeže a je zamotanější než habsbursko-lotrinská dynastie? Nakladatelská anotace. | |
| 655 | 7 | |a francouzské romány |7 fd132289 |2 czenas | |
| 655 | 7 | |a detektivní romány |7 fd132010 |2 czenas | |
| 655 | 7 | |a historické romány |7 fd132414 |2 czenas | |
| 655 | 9 | |a French fiction |2 eczenas | |
| 655 | 9 | |a detective novels |2 eczenas | |
| 655 | 9 | |a historical novels |2 eczenas | |
| 700 | 1 | |a Darom, Marta |7 xx0177147 |4 trl | |
| 765 | 1 | |t Au service secret de Marie-Antoinette | |
| 787 | 0 | 8 | |i Z cyklu: |t V tajných službách Marie Antoinetty |g 1 |
| 900 | |a ABA001 |b 20 | ||
| 928 | 9 | |a Albatros Media - Garamond | |
| 044 | |a xr | ||
| 910 | |a RBIT002 | ||
| 998 | |d 417080 |a https://core.palmknihy.cz/api/books/417080/cover?sqp91n |b https://core.palmknihy.cz/api/books/417080/cover/400?sqp91n |c https://core.palmknihy.cz/api/books/417080/cover/50?sqp91n |e 2031-01-03 |g 240 |i 9788074076756 |j https://core.palmknihy.cz/api/books/417080/preview.epub |k https://core.palmknihy.cz/api/books/417080/preview.pdf |l |q 49 |r 1 |s https://www.palmknihy.cz/kniha/417080 |t ebook |y 2025 |z 0 |v V tajných službách Marie Antoinetty |w 1 | ||
| 999 | |d 312613 | ||